000 01419nam0a22002651 4500
001 rc\2629609
005 20260406124520.0
035 _a(NLR Aleph) 006793099
090 _a6164756
_c6164756
100 _a20110914d1931 |||y0rusy50 ca
101 0 _arus
102 _aRU
105 _aab z |||||
200 1 _aСхема проекта льносовхоза "Уралец"
_fНауч.-иссл. ин-т экономики и орг-ции социалист. земледелия НИОКСХЭ при Всес. акад. с.-х. наук им. В. И. Ленина. Бригада совхозов прядильных культур
210 _aМосква
_cстеклография Шеф. о-ва н/д сотр. Упр. дел. СНК СССР и РСФСР
_d1931
215 _a[2], 186 с., 4 вкл. л. граф., карт.
_cсхем.
_d26х21 см.
300 _aНапечатано на пишущей машине и стеклографировано
300 _aБез тит. л. Описано по обложке
710 0 2 _aНИИ организации крупного социалистического сельского хозяйства и сельскохозяйственной экономии
_cМосква
_9308005
_3RU\NLR\AUTH\8817401
801 0 _aRU
_bNLR
_gpsbo
801 1 _aRU
_bELAR
_2rusmarc
852 _aNLR
_j32-5/160
942 _cBOOK
980 _aNB